00348nam a2200145Ia 4500003000400000005001700004008004100021020001300062040002900075100001600104245004100120260002000161260000900181546001200190OSt20240311100746.0170619s9999 xx 000 0 und d a74620843 cIIMT ENGINEERING COLLEGE aBasu- C. R. 0aBusiness organization and management bNew Delhi T M H c1998 aENGLISH